Tunable Diode Laser Development and Spectroscopy Applications

التفاصيل البيبلوغرافية
مؤلفون آخرون: Lo, Chiwoei
التنسيق: الكتروني كتاب
اللغة:English
منشور في: SPIE Digital Library, 11/28/83
الموضوعات:
الوصول للمادة أونلاين:Full text available on Research4Life (SPIE Digital Library)
Classic Catalogue: View this record in Classic Catalogue
LEADER 00885cam a2200181 a 4500
001 AALConferenceProceedingsResearch4Life(SPIE)005113
008 240908c9999 xx r poo 0 0eng d
020 |a 9780892524730 
040 |a BD-DhAAL  |c BD-DhAAL 
245 0 0 |h [electronic resource]  |a Tunable Diode Laser Development and Spectroscopy Applications 
260 1 |b SPIE Digital Library,  |c 11/28/83 
300 |a 1 online resource 
500 |a <strong>On-Campus Access Only (IP based access)</strong> 
506 |a Electronic access restricted to authorized BRAC University faculty, staff and students 
538 |a Mode of access: Internet 
655 7 |a Conference papers and proceedings.  |2 Library of Congress 
700 1 |a Lo, Chiwoei 
856 4 0 |z Full text available on Research4Life (SPIE Digital Library)  |u https://login.research4life.org/tacsgr1www_spiedigitallibrary_org/conference-proceedings-of-spie/0438